<?xml version="1.0" encoding="UTF-8"?>
<record
    xmlns:xsi="http://www.w3.org/2001/XMLSchema-instance"
    xsi:schemaLocation="http://www.loc.gov/MARC21/slim http://www.loc.gov/standards/marcxml/schema/MARC21slim.xsd"
    xmlns="http://www.loc.gov/MARC21/slim">

  <leader>01652nam a22002177a 4500</leader>
  <controlfield tag="003">IT-MiCISF</controlfield>
  <controlfield tag="005">20230906124123.0</controlfield>
  <controlfield tag="008">230906b        |||||||| |||| 00| 0 eng d</controlfield>
  <datafield tag="020" ind1=" " ind2=" ">
    <subfield code="a">9788885782952</subfield>
  </datafield>
  <datafield tag="040" ind1=" " ind2=" ">
    <subfield code="c">IT-MiCISF</subfield>
  </datafield>
  <datafield tag="041" ind1=" " ind2=" ">
    <subfield code="a">it</subfield>
  </datafield>
  <datafield tag="100" ind1=" " ind2=" ">
    <subfield code="a">Fondazione promozione sociale</subfield>
    <subfield code="9">60201</subfield>
  </datafield>
  <datafield tag="245" ind1=" " ind2=" ">
    <subfield code="a">Memoriale delle vittime dell'emarginazione sociale.</subfield>
    <subfield code="b">1962-2020</subfield>
  </datafield>
  <datafield tag="260" ind1=" " ind2=" ">
    <subfield code="a">Torino</subfield>
    <subfield code="b">Fondazione promozione sociale</subfield>
    <subfield code="c">2022</subfield>
  </datafield>
  <datafield tag="300" ind1=" " ind2=" ">
    <subfield code="a">pp. 195</subfield>
  </datafield>
  <datafield tag="500" ind1=" " ind2=" ">
    <subfield code="a">emarginazione, societ&#xE0;, diritti-bambino, diritti-umani, storia, associazioni, legislazione</subfield>
  </datafield>
  <datafield tag="520" ind1=" " ind2=" ">
    <subfield code="a">Questo MEMORIALE &#xE8; stato predisposto allo scopo di segnalare sia le condizioni di vita negli anni &#x2019;60 delle persone in gravi difficolt&#xE0; socio-economiche, in particolare quelle non autosufficienti e quindi definitivamente e totalmente impossibilitate ad autotutelarsi (come pu&#xF2; capitare ad ognuno di noi e dei nostri cari anche da un momento all&#x2019;altro), sia di fornire informazioni documentate in merito alle situazioni culturali ed operative di quel periodo.
 Dalla relativa documentazione si possono valutare i risultati raggiunti dal 1962 al 2020 dal volontariato dei diritti, introdotto nel nostro Paese dall&#x2019;Anfaa, Associazione nazionale famiglie adottive e affidatarie, e base delle attivit&#xE0; svolte successivamente (1965) dall&#x2019;Ulces, Unione per la lotta contro l&#x2019;emarginazione sociale, dal Csa (Coordinamento sanit&#xE0; e assistenza fra i movimenti di base) e dalle relative organizzazioni aderenti e dalla Fondazione promozione sociale onlus, operante dal 2003.
</subfield>
  </datafield>
  <datafield tag="650" ind1=" " ind2=" ">
    <subfield code="a">emarginazione / devianza</subfield>
  </datafield>
  <datafield tag="654" ind1=" " ind2=" ">
    <subfield code="a">divulgazione</subfield>
  </datafield>
  <datafield tag="942" ind1=" " ind2=" ">
    <subfield code="2">ddc</subfield>
    <subfield code="c">BK</subfield>
  </datafield>
  <datafield tag="999" ind1=" " ind2=" ">
    <subfield code="c">359794</subfield>
    <subfield code="d">359794</subfield>
  </datafield>
  <datafield tag="952" ind1=" " ind2=" ">
    <subfield code="0">0</subfield>
    <subfield code="1">0</subfield>
    <subfield code="2">ddc</subfield>
    <subfield code="4">0</subfield>
    <subfield code="6">A_2426_000000000000000</subfield>
    <subfield code="7">1</subfield>
    <subfield code="a">CISF</subfield>
    <subfield code="b">CISF</subfield>
    <subfield code="d">2023-09-06</subfield>
    <subfield code="l">0</subfield>
    <subfield code="o">A2426</subfield>
    <subfield code="p">9788885782952</subfield>
    <subfield code="r">2023-09-06 12:41:42</subfield>
    <subfield code="w">2023-09-06</subfield>
    <subfield code="y">BK</subfield>
  </datafield>
</record>
